[Event "Malaga op 15th"]
[Site "Malaga"]
[Date "2021.10.30"]
[Round "3"]
[White "Cardoso Garcia, Sergio"]
[Black "Revaliente Montoya, Ciro"]
[Result "0-1"]
[WhiteElo "1868"]
[BlackElo "2081"]
[PlyCount "82"]
[EventDate "2021.10.29"]
[EventType "swiss"]
[EventRounds "7"]
[EventCountry "ESP"]
[SourceTitle "CBM 204 Extra"]
[Source "ChessBase"]
[SourceDate "2021.11.30"]
[SourceVersion "1"]
[SourceVersionDate "2021.11.30"]
[SourceQuality "1"]

1. d4 d6 2. c4 e5 3. dxe5 dxe5 4. Qxd8+ Kxd8 5. Nc3 Be6 6. e4 c6 7. Bg5+ f6 8. 0-0-0+ Kc7 9. Be3 Nd7 10. f4 Nh6 11. f5 Bg8 12. Bxh6 gxh6 13. Nf3 Nb6 14. b3 Bf7 15. Be2 Bc5 16. Kc2 h5 17. g3 Rhg8 18. Rd3 Rgd8 19. Rhd1 Rxd3 20. Rxd3 a5 21. a4 Nd7 22. Rd1 Bb4 23. Ne1 Bxc3 24. Kxc3 Nc5 25. Bf3 b5 26. axb5 cxb5 27. cxb5 Bxb3 28. Rb1 a4 29. Nd3 Nxd3 30. Kxd3 Rd8+ 31. Kc3 Rd4 32. Rc1 Kb6 33. Be2 Rxe4 34. Kd2 Rd4+ 35. Ke3 Bd5 36. Bxh5 Kxb5 37. Be8+ Kb4 38. Rc7 a3 39. Ra7 a2 40. Ke2 Kc3 41. Ra3+ Kb2 0-1

[Event "BdF-Diamant 10 email"]
[Site "GER email"]
[Date "2019.06.19"]
[Round "?"]
[White "Koestner, Wolfgang"]
[Black "Cardoso Garcia, Sergio"]
[Result "1/2-1/2"]
[WhiteElo "2314"]
[BlackElo "2334"]
[PlyCount "52"]
[EventDate "2019.??.??"]
[EventType "tourn (corr)"]
[EventRounds "10"]
[EventCountry "GER"]
[SourceTitle "Corr 2022"]
[Source "ChessBase"]
[SourceDate "2021.10.24"]
[SourceVersion "1"]
[SourceVersionDate "2021.10.24"]
[SourceQuality "1"]

1. Nf3 Nf6 2. c4 e6 3. Nc3 Bb4 4. Qc2 0-0 5. a3 Bxc3 6. Qxc3 d6 7. b4 Re8 8. g3 e5 9. Bg2 c5 10. 0-0 Nc6 11. Bb2 Bf5 12. Nh4 Be6 13. d3 d5 14. e3 Rc8 15. Nf3 d4 16. exd4 exd4 17. Qd2 b6 18. Rae1 h6 19. h3 a6 20. bxc5 bxc5 21. g4 Ne7 22. Bc1 Ng6 23. Ne5 Nxe5 24. Rxe5 Qb6 25. Rfe1 Bd7 26. Rxe8+ Rxe8 1/2-1/2

[Event "BdF-Diamant 10 email"]
[Site "GER email"]
[Date "2019.06.19"]
[Round "?"]
[White "Maetzig, Ralf"]
[Black "Cardoso Garcia, Sergio"]
[Result "1-0"]
[WhiteElo "2311"]
[BlackElo "2334"]
[PlyCount "115"]
[EventDate "2019.??.??"]
[EventType "tourn (corr)"]
[EventRounds "10"]
[EventCountry "GER"]
[SourceTitle "Corr 2022"]
[Source "ChessBase"]
[SourceDate "2021.10.24"]
[SourceVersion "1"]
[SourceVersionDate "2021.10.24"]
[SourceQuality "1"]

1. d4 Nf6 2. c4 e6 3. Nf3 b6 4. g3 Ba6 5. Nbd2 Bb4 6. Qc2 Bb7 7. Bg2 Be4 8. Qd1 Bxd2+ 9. Qxd2 0-0 10. 0-0 a5 11. b3 a4 12. Ba3 Re8 13. Rfc1 h6 14. Bf1 Nc6 15. Ne1 e5 16. d5 axb3 17. axb3 Nd4 18. Qd1 Bg6 19. Bb2 c5 20. Rxa8 Qxa8 21. Ra1 Qd8 22. Bg2 Bh5 23. f3 Bg6 24. e3 Nf5 25. Qc1 Qe7 26. Ra6 Rb8 27. Bf1 Ne8 28. Ra7 e4 29. f4 f6 30. Bc3 Nfd6 31. Qa3 Nf5 32. Kf2 Ned6 33. Be2 h5 34. Ng2 Nh6 35. Kg1 Ndf5 36. Be1 Bf7 37. Qa1 h4 38. g4 h3 39. Nh4 Nxe3 40. Qc3 Ng2 41. Nxg2 hxg2 42. f5 Qe8 43. Qe3 Ra8 44. Rxa8 Qxa8 45. Qxe4 Qa2 46. Bd1 Qa1 47. Bf3 d6 48. Kxg2 Qb2+ 49. Kh3 Qxb3 50. Bg3 b5 51. Bxd6 bxc4 52. Bf4 c3 53. d6 Qb5 54. Kg3 c4 55. Qe7 Qc5 56. Kg2 Nxg4 57. Bxg4 c2 58. Bf3 1-0

[Event "Andalucia-chT Honor Oriental"]
[Site "Andalucia"]
[Date "2018.11.18"]
[Round "7.35"]
[White "Soriano Requena, Francisco"]
[Black "Cardoso Garcia, Sergio"]
[Result "1-0"]
[WhiteElo "1882"]
[BlackElo "1935"]
[PlyCount "99"]
[EventDate "2018.09.30"]
[EventType "team-tourn"]
[EventRounds "7"]
[EventCountry "ESP"]
[SourceTitle "EXT 2020"]
[Source "ChessBase"]
[SourceDate "2019.10.17"]
[SourceVersion "1"]
[SourceVersionDate "2019.10.17"]
[SourceQuality "1"]
[WhiteTeam "Cruz Roja Santa Juana"]
[BlackTeam "Miraflores Smartick"]
[WhiteTeamCountry "ESP"]
[BlackTeamCountry "ESP"]

1. c4 f5 2. g3 Nf6 3. Bg2 g6 4. Nc3 Bg7 5. d3 0-0 6. e4 fxe4 7. dxe4 e5 8. Nge2 d6 9. h3 Be6 10. b3 Qd7 11. Be3 Nc6 12. Qd2 Nh5 13. Rc1 Rf7 14. g4 Nf6 15. f3 Raf8 16. 0-0 a6 17. Nd5 Ne8 18. b4 Bxd5 19. cxd5 Ne7 20. f4 c6 21. dxc6 bxc6 22. f5 d5 23. Ng3 d4 24. Bg5 Bf6 25. Bxf6 Rxf6 26. g5 R6f7 27. f6 Nc8 28. Kh2 Nc7 29. h4 Ne6 30. Bh3 Qd6 31. Qc2 Na7 32. Qc4 Nf4 33. Bg4 Rb8 34. a3 Rb6 35. h5 Nb5 36. Qc5 Qxc5 37. bxc5 Rb8 38. Ne2 Nd3 39. Rb1 Rfb7 40. Be6+ Kf8 41. hxg6 hxg6 42. Kg3 Nxc5 43. Ba2 Nxe4+ 44. Kg4 Nbc3 45. Nxc3 dxc3 46. Rbe1 Nd2 47. Rh1 Nb3 48. Rxe5 c2 49. Rh8+ Kf7 50. Bxb3+ 1-0

[Event "Andalucia-chT Honor Oriental"]
[Site "Andalucia"]
[Date "2018.10.14"]
[Round "3.24"]
[White "Cardoso Garcia, Sergio"]
[Black "Romero Berruezo, Francisco"]
[Result "1/2-1/2"]
[WhiteElo "1935"]
[BlackElo "2161"]
[PlyCount "129"]
[EventDate "2018.09.30"]
[EventType "team-tourn"]
[EventRounds "7"]
[EventCountry "ESP"]
[SourceTitle "EXT 2020"]
[Source "ChessBase"]
[SourceDate "2019.10.17"]
[SourceVersion "1"]
[SourceVersionDate "2019.10.17"]
[SourceQuality "1"]
[WhiteTeam "Miraflores Smartick"]
[BlackTeam "Metro"]
[WhiteTeamCountry "ESP"]
[BlackTeamCountry "ESP"]

1. c4 Nf6 2. Nc3 d6 3. d4 e5 4. dxe5 dxe5 5. Qxd8+ Kxd8 6. Bg5 Be6 7. 0-0-0+ Nbd7 8. Bxf6+ gxf6 9. e3 c6 10. Nf3 Kc7 11. Be2 Rg8 12. g3 Nb6 13. b3 Ba3+ 14. Kc2 Nd7 15. Nh4 f5 16. Bd3 e4 17. Be2 Nf6 18. Ng2 Rad8 19. Rxd8 Kxd8 20. Rd1+ Ke7 21. Nf4 Rc8 22. Nxe6 fxe6 23. Nb1 Bd6 24. a4 a5 25. Nc3 Nd7 26. f3 exf3 27. Bxf3 Ne5 28. Be2 Bb4 29. Rd4 Ng6 30. e4 Bc5 31. Rd1 f4 32. gxf4 Nxf4 33. Bf3 Rf8 34. Rf1 e5 35. Ne2 Ne6 36. Bg2 Rf2 37. Rxf2 Bxf2 38. Bh3 Nc5 39. Bf5 h6 40. Nc1 Bg1 41. h3 Ne6 42. Bxe6 Kxe6 43. Kd3 Kd6 44. Ne2 Bf2 45. Nc1 Bh4 46. Ne2 Kc5 47. Ng1 Kb4 48. Kc2 Kc5 49. Nf3 Bg3 50. Kd3 Kb4 51. Kc2 b5 52. cxb5 cxb5 53. axb5 Kxb5 54. Kd3 Kb4 55. Kc2 Kb5 56. Kd3 Kc5 57. Nd2 Kb4 58. Kc2 Bh4 59. Nf3 Bf6 60. Nd2 Bg5 61. Nf3 Bf4 62. Ne1 Kb5 63. Nf3 a4 64. bxa4+ Kxa4 65. Kd3 1/2-1/2